| 000 | 00522nam a2200181Ia 4500 | ||
|---|---|---|---|
| 008 | 240925s9999 xx 000 0 und d | ||
| 020 | _aNA | ||
| 082 | _a004.6 SOU | ||
| 100 | _aSouth, Hills - | ||
| 245 | 0 | _aSouth-Hill Datacomm: your source for data comm and network connectivity | |
| 250 | _a2nd | ||
| 260 |
_aBrooklin: _bSouth Hill Datacomm _cNA |
||
| 300 |
_a347p. _bNA _fOriginal |
||
| 500 | _aIncludes Index | ||
| 600 | _aComputer Science | ||
| 650 | _aComputer science, information & general works | ||
| 942 | _cBK | ||
| 999 |
_c4505 _d4505 |
||